Normal view
MARC view
- Abbasi, Qamer Ali
Entry Personal Name
001 - CONTROL NUMBER
- control field: 110527
003 - CONTROL NUMBER IDENTIFIER
- control field: NUST
005 - DATE AND TIME OF LATEST TRANSACTION
- control field: 20230317163033.0
008 - FIXED-LENGTH DATA ELEMENTS
- fixed length control field: 230317|| aca||aabn | a|a d
040 ## - CATALOGING SOURCE
- Original cataloging agency: NUST
- Transcribing agency: NUST
100 ## - HEADING--PERSONAL NAME
- Personal name: Abbasi, Qamer Ali
670 ## - SOURCE DATA FOUND
- Source citation: Work cat.: (NUST)187860: Abbasi, Qamer Ali, Dilli door hai /دلی دور ہے (Urdu) /, 1998
